[Event "I Open Sociale Caissa"]
[Site "Napoli ITA"]
[Date "2015.06.15"]
[Round "3"]
[White "Gatto, Lucio"]
[Black "Auletta, Angelo"]
[WhiteElo "2082"]
[BlackElo "2129"]
[Result "1-0"]
[PlyCount "97"]
[EventDate "2015.06.04"]

1. e4 c5 2. Nf3 d6 3. d4 cxd4 4. Nxd4 Nf6 5. Nc3 a6 6. Be3 Ng4 7. Bg5 h6 8. Bh4
g5 9. Bg3 Nc6 10. Nxc6 bxc6 11. Be2 h5 12. h3 Ne5 13. Bxe5 dxe5 14. Qxd8+ Kxd8
15. O-O-O+ Kc7 16. g4 h4 17. Rd3 e6 18. Na4 Rb8 19. a3 a5 20. Rhd1 Be7 21. c4
Rd8 22. Rxd8 Bxd8 23. c5 Be7 24. Kc2 Bd7 25. Nb6 Be8 26. b4 axb4 27. axb4 Rd8
28. Ra1 Kb7 29. Rd1 Kc7 30. Rxd8 Kxd8 31. Nc4 f6 32. Kb3 Kc7 33. Ka4 Kb7 34.
Na5+ Kc7 35. Nb3 Bd8 36. f3 Be7 37. b5 cxb5+ 38. Bxb5 Bc6 39. Bxc6 Kxc6 40. Kb4
Bd8 41. Kc4 Bc7 42. Nc1 Ba5 43. Nd3 Bd2 44. Nb4+ Kb7 45. Kb5 Be3 46. Na6 Bd4
47. c6+ Kc8 48. Nc5 f5 49. Nxe6 1-0

[Event "I Open Sociale Caissa"]
[Site "Napoli ITA"]
[Date "2015.06.15"]
[Round "3"]
[White "Guglielmi, Domenico Donato"]
[Black "Baccelliere, Antonio"]
[WhiteElo "1620"]
[BlackElo "1673"]
[Result "0-1"]
[PlyCount "92"]
[EventDate "2015.06.04"]

1. d4 d5 2. c4 c6 3. Nc3 e5 4. cxd5 cxd5 5. dxe5 d4 6. Qa4+ Nc6 7. Ne4 Qd5 8.
Ng3 Qxe5 9. Nf3 Qd6 10. Bg5 Be7 11. Bxe7 Ngxe7 12. Rd1 O-O 13. Nxd4 Nxd4 14.
Rxd4 Qb6 15. Rd2 Be6 16. e3 Rac8 17. Be2 Rc1+ 18. Rd1 Qxb2 19. Rxc1 Qxc1+ 20.
Qd1 Qxd1+ 21. Bxd1 Bxa2 22. O-O Bc4 23. Re1 Rd8 24. h3 b5 25. Ne2 a5 26. Nd4
Rd6 27. Be2 Bxe2 28. Rxe2 b4 29. Ra2 Ra6 30. Nb3 Nc6 31. Nc5 Ra8 32. Kf1 Kf8
33. Ke2 Ke7 34. Kd3 Kd6 35. Nb7+ Kc7 36. Nc5 Kb6 37. Na4+ Kb5 38. Nb2 a4 39.
Nc4 Rd8+ 40. Ke2 Kxc4 41. Rxa4 Kc3 42. Ra6 Ne5 43. e4 Rd2+ 44. Ke3 b3 45. f4
Nc4+ 46. Kf3 b2 0-1

[Event "I Open Sociale Caissa"]
[Site "Napoli ITA"]
[Date "2015.06.15"]
[Round "3"]
[White "Radice, Mario"]
[Black "Baltzopoulos, Giorgos"]
[WhiteElo "1882"]
[BlackElo "2002"]
[Result "0-1"]
[PlyCount "100"]
[EventDate "2015.06.04"]

1. e4 e5 2. Nf3 Nc6 3. Bc4 Nf6 4. Nc3 Be7 5. O-O O-O 6. d4 exd4 7. Nxd4 Ne5 8.
Bb3 d6 9. h3 a6 10. f4 Ned7 11. Qf3 Nc5 12. Be3 c6 13. Rad1 Qc7 14. a3 Bd7 15.
Ba2 Rae8 16. b4 Ne6 17. Nf5 Nd8 18. Nxd6 Bxd6 19. e5 Be7 20. exf6 Bxf6 21. Ne4
Be7 22. Ng5 Bf5 23. Bb3 h6 24. g4 hxg5 25. gxf5 gxf4 26. Bxf4 Qb6+ 27. Be3 Qc7
28. Qg4 Bf6 29. Bc5 b5 30. Rd6 Re3 31. Kg2 Be5 32. Rd3 Rxd3 33. cxd3 Re8 34. f6
Bxf6 35. Rxf6 Qe5 36. Rf2 Ne6 37. Re2 Qxe2+ 38. Qxe2 Nf4+ 39. Kf3 Nxe2 40. Be3
Nc3 41. Bd4 Nd5 42. a4 Nxb4 43. axb5 axb5 44. Bd1 Nxd3 45. Be2 Nb4 46. Bc5 Nd5
47. Bd3 g5 48. Kg4 f6 49. Kf5 Kf7 50. Bd4 Nc3 0-1

[Event "I Open Sociale Caissa"]
[Site "Napoli ITA"]
[Date "2015.06.15"]
[Round "3"]
[White "Somma, Erminio"]
[Black "Freda, Guido"]
[WhiteElo "1512"]
[BlackElo "1578"]
[Result "1-0"]
[PlyCount "51"]
[EventDate "2015.06.04"]

1. d4 d5 2. Nf3 e6 3. e3 Nf6 4. Bd3 Nc6 5. O-O Bd6 6. c4 b6 7. cxd5 exd5 8. Nc3
a6 9. a3 O-O 10. b4 b5 11. Qb3 Ne7 12. Qc2 g6 13. e4 dxe4 14. Nxe4 Ned5 15.
Nxf6+ Qxf6 16. Bg5 Qe6 17. Rfe1 Qd7 18. Ne5 Bxe5 19. dxe5 Bb7 20. Be4 c6 21.
Bxd5 Qxd5 22. Bf6 c5 23. f3 c4 24. Rad1 Qe6 25. Qd2 Rac8 26. Qh6 1-0

[Event "I Open Sociale Caissa"]
[Site "Napoli ITA"]
[Date "2015.06.15"]
[Round "3"]
[White "Spano, Angelo Salvatore"]
[Black "Pellegrino, Carlo"]
[WhiteElo "1452"]
[BlackElo "1542"]
[Result "0-1"]
[PlyCount "86"]
[EventDate "2015.06.04"]

1. e4 c5 2. Nf3 e6 3. Nc3 g6 4. d3 Nc6 5. a3 Bg7 6. Bd2 Nge7 7. Be2 O-O 8. O-O
d6 9. Be3 Nd4 10. Rb1 b6 11. Nd2 Nxe2+ 12. Qxe2 d5 13. Nb3 d4 14. Bxd4 cxd4 15.
Nd1 Qc7 16. Rc1 Bh6 17. Nd2 Qf4 18. Nb3 Qe5 19. Rb1 Bb7 20. c3 Nc6 21. f3 f5
22. Kh1 Rf7 23. cxd4 Nxd4 24. Nxd4 Qxd4 25. exf5 exf5 26. Qc2 Re7 27. Nf2 Rae8
28. Qb3+ Kf8 29. h3 Bd5 30. Qc2 Re2 31. Qc3 Qh4 32. Qb4+ Qxb4 33. axb4 Bg7 34.
Ra1 Rxb2 35. Rxa7 Ree2 36. Rc1 Rbc2 37. Rxc2 Rxc2 38. Rd7 Rc1+ 39. Kh2 Be5+ 40.
g3 Bxf3 41. Rxh7 Bd4 42. h4 Bxf2 43. Rh8+ Kg7 0-1

[Event "I Open Sociale Caissa"]
[Site "Napoli ITA"]
[Date "2015.06.15"]
[Round "3"]
[White "Taurisano, Vincenzo"]
[Black "Di Giovine, Massimo"]
[WhiteElo "1872"]
[BlackElo "1690"]
[Result "1-0"]
[PlyCount "53"]
[EventDate "2015.06.04"]

1. d4 d5 2. c4 e6 3. Nc3 Nf6 4. Bg5 Be7 5. e3 Nbd7 6. Nf3 O-O 7. Rc1 b6 8. cxd5
exd5 9. Bd3 Bb7 10. O-O c5 11. dxc5 Nxc5 12. Bb1 Nfe4 13. Bxe7 Nxc3 14. Qc2
N3e4 15. Bxd8 Raxd8 16. Nd4 Ba6 17. Rfe1 Nd3 18. Qa4 Nec5 19. Qa3 Nxe1 20. Rxe1
Bc8 21. Qxa7 Rd6 22. b4 Ne4 23. b5 Rg6 24. Nc6 Bh3 25. Ne7+ Kh8 26. Nxg6+ hxg6
27. Bxe4 1-0

[Event "I Open Sociale Caissa"]
[Site "Napoli ITA"]
[Date "2015.06.15"]
[Round "3"]
[White "Vecchione, Anna Pia"]
[Black "Supino, Domenico"]
[WhiteElo "1722"]
[BlackElo "2021"]
[Result "1-0"]
[PlyCount "43"]
[EventDate "2015.06.04"]

1. e4 e5 2. Nf3 Nc6 3. d4 exd4 4. Bc4 Be7 5. O-O d6 6. c3 Ne5 7. Nxe5 dxe5 8.
Qh5 Qd6 9. Qxf7+ Kd8 10. Qxg7 Bf6 11. Bg5 Bxg5 12. Qxh8 Be6 13. Bxe6 Qxe6 14.
cxd4 Bf6 15. Qxh7 exd4 16. Nd2 Ne7 17. e5 Bxe5 18. Qe4 Qd5 19. Rfe1 Qxe4 20.
Rxe4 Bf6 21. Rae1 c5 22. Re6 1-0

[Event "I Open Sociale Caissa"]
[Site "Napoli ITA"]
[Date "2015.06.25"]
[Round "4"]
[White "Auletta, Angelo"]
[Black "Taurisano, Vincenzo"]
[WhiteElo "2129"]
[BlackElo "1872"]
[Result "1-0"]
[PlyCount "45"]
[EventDate "2015.06.04"]

1. e4 e6 2. Qe2 b6 3. Nf3 Bb7 4. g3 d6 5. Bg2 Nf6 6. Nc3 Nbd7 7. O-O Be7 8. d4
O-O 9. Rd1 a6 10. e5 Nd5 11. Nxd5 exd5 12. e6 fxe6 13. Qxe6+ Kh8 14. Re1 Bf6
15. Bf4 Qe8 16. Qf5 Qf7 17. Bh3 Bc8 18. Ng5 Bxg5 19. Qxf7 Rxf7 20. Be6 Rxf4 21.
gxf4 Nf6 22. fxg5 Bxe6 23. gxf6 1-0

[Event "I Open Sociale Caissa"]
[Site "Napoli ITA"]
[Date "2015.06.25"]
[Round "4"]
[White "Baccelliere, Antonio"]
[Black "Angelotti, Mario"]
[WhiteElo "1673"]
[BlackElo "1694"]
[Result "0-1"]
[PlyCount "70"]
[EventDate "2015.06.04"]

1. e4 Nf6 2. e5 Nd5 3. d4 d6 4. c4 Nb6 5. exd6 cxd6 6. Nf3 Bg4 7. h3 Bxf3 8.
Qxf3 Nc6 9. d5 Ne5 10. Qe4 g6 11. a4 Bg7 12. Be2 Rc8 13. Nd2 O-O 14. a5 Nbd7
15. f4 Nc5 16. Qe3 Ned7 17. Ra3 e6 18. O-O exd5 19. cxd5 Nf6 20. Bf3 Re8 21.
Qf2 Qd7 22. Re1 Qf5 23. Rxe8+ Rxe8 24. b4 Nd3 25. Qxa7 Re1+ 26. Kh2 Rxc1 27. g3
Nxf4 28. gxf4 Qxf4+ 29. Kg2 Qxd2+ 30. Kg3 Qg5+ 31. Kh2 Rc2+ 32. Kh1 Nh5 33.
Qb8+ Bf8 34. Qa7 Ng3+ 35. Kg1 Qc1+ 0-1

[Event "I Open Sociale Caissa"]
[Site "Napoli ITA"]
[Date "2015.06.25"]
[Round "4"]
[White "Buiano, Fabio"]
[Black "Baltzopoulos, Giorgos"]
[WhiteElo "2065"]
[BlackElo "2002"]
[Result "0-1"]
[PlyCount "70"]
[EventDate "2015.06.04"]

1. e4 c5 2. Nf3 d6 3. Bb5+ Bd7 4. Bxd7+ Qxd7 5. c4 Nc6 6. d4 cxd4 7. Nxd4 Nf6
8. Nc3 g6 9. Nde2 Bg7 10. O-O O-O 11. f3 Rfc8 12. Be3 Qd8 13. Qd2 Qa5 14. Rfd1
Nd7 15. Rac1 Nc5 16. b3 a6 17. Nd5 Qd8 18. b4 Na4 19. b5 Ne5 20. bxa6 Rxa6 21.
c5 Nc6 22. Nb4 Nxb4 23. Qxb4 Nb2 24. Rd2 Ra4 25. Qb3 Qa5 26. Rxb2 Bxb2 27. Qxb2
Rxa2 28. Qxb7 Rc7 29. Qb8+ Kg7 30. Bd4+ e5 31. Bc3 Qxc5+ 32. Kf1 Qe3 33. Qb5
Rxe2 34. Bxe5+ dxe5 35. Qxe5+ Kh6 0-1

[Event "I Open Sociale Caissa"]
[Site "Napoli ITA"]
[Date "2015.06.25"]
[Round "4"]
[White "Buonanno, Raffaele"]
[Black "Radice, Mario"]
[WhiteElo "1704"]
[BlackElo "1882"]
[Result "0-1"]
[PlyCount "78"]
[EventDate "2015.06.04"]

1. d4 Nf6 2. c4 g6 3. Nc3 d5 4. cxd5 Nxd5 5. e4 Nxc3 6. bxc3 Bg7 7. Bc4 O-O 8.
Ne2 c5 9. Be3 Nc6 10. Rc1 Bg4 11. f3 cxd4 12. cxd4 Qa5+ 13. Kf1 Bd7 14. h4 Rfd8
15. h5 Be8 16. hxg6 hxg6 17. d5 Ne5 18. Bb3 Bb5 19. a4 Ba6 20. Rc5 Qb6 21. Rc3
Qb4 22. Bd2 Qb6 23. Be3 Qb4 24. Bd2 Qd6 25. Qc2 Nc6 26. Rc5 Nd4 27. e5 Qxe5 28.
Qe4 Qxe4 29. fxe4 Nxb3 30. Rc3 Nxd2+ 31. Ke1 Bxc3 32. Nxc3 Nc4 33. Rh3 Rac8 34.
Kd1 e6 35. Kc2 exd5 36. exd5 Nd6 37. Kb2 Re8 38. Rf3 b5 39. axb5 Bxb5 0-1

[Event "I Open Sociale Caissa"]
[Site "Napoli ITA"]
[Date "2015.06.25"]
[Round "4"]
[White "Cocchia, Umberto"]
[Black "Vecchione, Anna Pia"]
[WhiteElo "1840"]
[BlackElo "1722"]
[Result "0-1"]
[PlyCount "46"]
[EventDate "2015.06.04"]

1. e4 c5 2. Nf3 d6 3. d4 cxd4 4. Qxd4 Nc6 5. Bb5 Qa5+ 6. Nc3 Qxb5 7. Nxb5 Nxd4
8. Nfxd4 Kd8 9. Be3 Nf6 10. f3 Bd7 11. O-O-O e5 12. Nxa7 exd4 13. Bxd4 Kc7 14.
e5 Ne8 15. c4 b6 16. exd6+ Bxd6 17. Nb5+ Bxb5 18. cxb5 Rxa2 19. Kb1 Ra5 20.
Rc1+ Kb7 21. Rhd1 Rxb5 22. Bxg7 Rg8 23. Re1 Nxg7 0-1

[Event "I Open Sociale Caissa"]
[Site "Napoli ITA"]
[Date "2015.06.25"]
[Round "4"]
[White "Di Giovine, Massimo"]
[Black "Baccelliere, Donato"]
[WhiteElo "1690"]
[BlackElo "1458"]
[Result "1-0"]
[PlyCount "91"]
[EventDate "2015.06.04"]

1. d4 d5 2. e3 e6 3. c4 Nf6 4. a3 c5 5. Nf3 Be7 6. Nc3 O-O 7. Qc2 b6 8. cxd5
Nxd5 9. Bd3 f5 10. Nxd5 exd5 11. dxc5 bxc5 12. O-O c4 13. Be2 Qd6 14. Bd2 a5
15. Bc3 Nd7 16. Rfd1 Bf6 17. Bxc4 Nb6 18. Ba2 Kh8 19. Rd2 Bb7 20. Rad1 Rac8 21.
Nd4 Qc7 22. Bxa5 Bxd4 23. Qxc7 Rxc7 24. Rxd4 Rf6 25. Rb4 Rcc6 26. h3 Rcd6 27.
Bxb6 Rxb6 28. Rxb6 Rxb6 29. b4 Bc6 30. Bxd5 Bxd5 31. Rxd5 g6 32. b5 Kg8 33. a4
Kf8 34. a5 Rb8 35. Kf1 Ke7 36. b6 Ke6 37. Rc5 h6 38. Ke2 Kd6 39. Rc7 Ra8 40.
Ra7 Rb8 41. b7 Kc7 42. a6 Kb6 43. Ra8 Kc7 44. Kf3 g5 45. g4 fxg4+ 46. Kxg4 1-0

[Event "I Open Sociale Caissa"]
[Site "Napoli ITA"]
[Date "2015.06.25"]
[Round "4"]
[White "Esposito, Luigi"]
[Black "Spano, Angelo Salvatore"]
[WhiteElo "1350"]
[BlackElo "1452"]
[Result "0-1"]
[PlyCount "78"]
[EventDate "2015.06.04"]

1. e4 g6 2. d4 Bg7 3. Nc3 b6 4. Nf3 Bb7 5. Bd3 e6 6. Be3 Ne7 7. Qd2 h6 8. O-O
d6 9. Ne2 d5 10. e5 Nd7 11. h3 Nf5 12. Bf4 g5 13. Bh2 c5 14. c3 cxd4 15. cxd4
O-O 16. Rac1 Rc8 17. Rxc8 Qxc8 18. Rc1 Qb8 19. Ng3 Rc8 20. Nxf5 Rxc1+ 21. Qxc1
exf5 22. Bxf5 Qe8 23. Qc7 Bc8 24. Qxa7 f6 25. e6 Nf8 26. e7 Bxf5 27. exf8=Q+
Qxf8 28. Qxb6 Be4 29. Nd2 Qc8 30. Nb3 Qc2 31. f3 Bd3 32. Qd8+ Kh7 33. Qxd5 Qxb2
34. Nc5 Qc1+ 35. Kf2 Qd2+ 36. Kg3 Qf4+ 37. Kf2 Qd2+ 38. Kg3 Qe1+ 39. Kg4 Qh4#
0-1

[Event "I Open Sociale Caissa"]
[Site "Napoli ITA"]
[Date "2015.06.25"]
[Round "4"]
[White "Esposito, Rosario"]
[Black "Ficco, Corrado"]
[WhiteElo "1825"]
[BlackElo "2035"]
[Result "0-1"]
[PlyCount "48"]
[EventDate "2015.06.04"]

1. d4 g6 2. c4 Bg7 3. Nc3 d6 4. e4 e6 5. Be3 Ne7 6. Qd2 h6 7. O-O-O a6 8. Kb1
Nd7 9. c5 d5 10. exd5 exd5 11. Bd3 Nf6 12. h3 Bf5 13. Nge2 Qd7 14. g4 Bxd3+ 15.
Qxd3 O-O-O 16. Rhe1 Rhe8 17. f4 Ne4 18. Nxe4 dxe4 19. Qa3 Nd5 20. Rc1 Qb5 21.
Red1 Qxe2 22. c6 Bf8 23. cxb7+ Kxb7 24. Qb3+ Qb5 0-1

[Event "I Open Sociale Caissa"]
[Site "Napoli ITA"]
[Date "2015.06.25"]
[Round "4"]
[White "Fortuna, Armando"]
[Black "De Rosa, Francesco"]
[WhiteElo "1608"]
[BlackElo "1971"]
[Result "0-1"]
[PlyCount "42"]
[EventDate "2015.06.04"]

1. e4 c5 2. Nf3 d6 3. d4 cxd4 4. Nxd4 Nf6 5. Nc3 g6 6. Be2 Bg7 7. Be3 Nc6 8.
Qd2 O-O 9. f4 Nxd4 10. Bxd4 Qa5 11. Bf3 Be6 12. O-O Rac8 13. b4 Qxb4 14. Rab1
Nxe4 15. Bxg7 Nxd2 16. Rxb4 Kxg7 17. Rf2 Nxf3+ 18. Rxf3 Rc7 19. a4 Rfc8 20. Nb5
Rxc2 21. Nxa7 R8c4 0-1

[Event "I Open Sociale Caissa"]
[Site "Napoli ITA"]
[Date "2015.06.25"]
[Round "4"]
[White "Minopoli, Francesco"]
[Black "Cuccaro, Giuseppina"]
[WhiteElo "1652"]
[BlackElo "1374"]
[Result "1/2-1/2"]
[PlyCount "125"]
[EventDate "2015.06.04"]

1. Nf3 Nf6 2. g3 g6 3. Bg2 Bg7 4. O-O d6 5. d3 Nc6 6. Nbd2 e5 7. c4 O-O 8. Rb1
a5 9. b3 Rb8 10. Bb2 Be6 11. Ng5 Bf5 12. Nge4 Qd7 13. Nxf6+ Bxf6 14. Re1 Bh3
15. Bh1 Bg7 16. Nf3 h6 17. Qc1 Nd4 18. c5 Nxf3+ 19. Bxf3 f5 20. c6 bxc6 21.
Qxc6 Qxc6 22. Bxc6 f4 23. Rec1 fxg3 24. hxg3 Be6 25. Be4 Bf5 26. Bd5+ Kh8 27.
Rxc7 Rbc8 28. Rbc1 h5 29. Rxc8 Bxc8 30. Rc7 Bg4 31. f3 Bh3 32. Ra7 Bh6 33. Kh2
Bf1 34. Rxa5 Bxe2 35. Ra8 Rxa8 36. Bxa8 Bxd3 37. a4 Bd2 38. Ba3 Kg7 39. Bxd6
Kf6 40. Bd5 g5 41. b4 Be3 42. Bc5 Bxc5 43. bxc5 Ba6 44. Bc6 Ke7 45. Bb5 Bc8 46.
a5 Kd8 47. a6 Kc7 48. Kg2 Kb8 49. f4 gxf4 50. gxf4 e4 51. Kg3 Ka7 52. Bc6 Bf5
53. Bb7 Bg4 54. Kg2 h4 55. Bxe4 Kxa6 56. c6 Kb6 57. Kf2 h3 58. Ke3 h2 59. Kd4
Kc7 60. f5 Bh5 61. Ke5 Be8 62. f6 Bxc6 63. f7 1/2-1/2

[Event "I Open Sociale Caissa"]
[Site "Napoli ITA"]
[Date "2015.06.25"]
[Round "4"]
[White "Nardiello, Luigi"]
[Black "Messina, Enrico"]
[WhiteElo "1900"]
[BlackElo "2127"]
[Result "0-1"]
[PlyCount "94"]
[EventDate "2015.06.04"]

1. e4 c5 2. Nf3 d6 3. d4 cxd4 4. Nxd4 Nf6 5. Nc3 g6 6. Be3 Bg7 7. f3 O-O 8. Qd2
Nc6 9. Bc4 Bd7 10. O-O-O Rc8 11. Bb3 Nxd4 12. Bxd4 b5 13. Nd5 Nxd5 14. Bxg7
Kxg7 15. exd5 a5 16. a3 Kg8 17. g4 b4 18. axb4 axb4 19. Qxb4 Rc5 20. Rd3 Qa8
21. Kd2 Rb8 22. Qd4 Qa5+ 23. Ke2 Rb4 24. c4 Qb6 25. Qe3 e5 26. Ra1 Qb8 27. h4
e4 28. fxe4 Bxg4+ 29. Kf2 Rcxc4 30. Kg3 h5 31. Bxc4 Rxc4 32. Rc3 Rb4 33. b3 Qe8
34. Re1 Qe5+ 35. Kg2 Rb8 36. Rc2 f5 37. exf5 Qxd5+ 38. Qe4 Qxe4+ 39. Rxe4 Bxf5
40. Rec4 Bxc2 41. Rxc2 Rxb3 42. Rd2 Rb6 43. Kf3 Kf7 44. Kf4 Kf6 45. Rd4 Ra6 46.
Rd5 Ra4+ 47. Kg3 Ra3+ 0-1

[Event "I Open Sociale Caissa"]
[Site "Napoli ITA"]
[Date "2015.06.25"]
[Round "4"]
[White "Pellegrino, Carlo"]
[Black "Caiazzo, Diego"]
[WhiteElo "1542"]
[BlackElo "1697"]
[Result "0-1"]
[PlyCount "98"]
[EventDate "2015.06.04"]

1. d4 Nf6 2. Nf3 e6 3. e3 b6 4. Bd3 Bb7 5. O-O Be7 6. Nbd2 O-O 7. b3 d5 8. Bb2
Nbd7 9. Ne5 Nxe5 10. dxe5 Nd7 11. f4 Nc5 12. Qe2 Nxd3 13. cxd3 c5 14. Rac1 Rc8
15. Qg4 g6 16. Nf3 h5 17. Qh3 Kg7 18. Ng5 Bxg5 19. fxg5 Qxg5 20. Rf6 Ba6 21.
Rd1 Rc7 22. Qf3 Bb7 23. Qf4 Qxf4 24. Rxf4 Rd8 25. d4 cxd4 26. exd4 Rc2 27. Rf2
Rdc8 28. Rdd2 Rxd2 29. Rxd2 Ba6 30. Ba3 Bb5 31. Rd1 Rc2 32. Ra1 Bd3 33. Bc1 Be4
34. g3 Rg2+ 35. Kf1 Rxh2 36. Bb2 Rxb2 37. Rc1 Rc2 38. Rxc2 Bxc2 39. b4 g5 40.
a3 Kg6 41. Kf2 Kf5 42. Ke3 h4 43. Kf3 Be4+ 44. Kf2 h3 45. Kg1 Bg2 46. a4 Ke4
47. a5 Kf3 48. axb6 Kxg3 49. bxa7 h2# 0-1

[Event "I Open Sociale Caissa"]
[Site "Napoli ITA"]
[Date "2015.06.25"]
[Round "4"]
[White "Pellegrino, Giovanni"]
[Black "Guglielmi, Domenico Donato"]
[WhiteElo "1420"]
[BlackElo "1620"]
[Result "1-0"]
[PlyCount "67"]
[EventDate "2015.06.04"]

1. d4 d5 2. Nf3 Nf6 3. e3 Bg4 4. c4 e6 5. Qb3 b6 6. Nbd2 a5 7. Ne5 Bb4 8. cxd5
exd5 9. Bb5+ Bd7 10. Bxd7+ Nbxd7 11. Nc6 Bxd2+ 12. Bxd2 Qc8 13. Qa3 Nc5 14.
dxc5 Qd7 15. Nd4 O-O 16. cxb6 cxb6 17. Rc1 Ne4 18. f3 Nxd2 19. Kxd2 Rac8 20.
Rxc8 Rxc8 21. Rc1 Re8 22. Rc6 Qb7 23. Qa4 Ra8 24. Qb5 Rb8 25. Qxd5 g6 26. Rd6
Qc7 27. Qc6 Qe7 28. Rd7 Qb4+ 29. Qc3 Qf8 30. Nc6 Rc8 31. Ne7+ Qxe7 32. Qxc8+
Qf8 33. Rd8 Qxd8+ 34. Qxd8+ 1-0

[Event "I Open Sociale Caissa"]
[Site "Napoli ITA"]
[Date "2015.06.25"]
[Round "4"]
[White "Supino, Domenico"]
[Black "Somma, Erminio"]
[WhiteElo "2021"]
[BlackElo "1512"]
[Result "1-0"]
[PlyCount "91"]
[EventDate "2015.06.04"]

1. Nf3 Nc6 2. g3 f5 3. d4 d5 4. Bg2 Nf6 5. O-O g6 6. e3 Ne4 7. b3 Bg7 8. Bb2
O-O 9. c4 e6 10. Nbd2 Nxd2 11. Qxd2 a5 12. Rfd1 b6 13. Ne5 Nxe5 14. dxe5 c6 15.
cxd5 cxd5 16. Rac1 Bb7 17. Bd4 Rc8 18. Qd3 Rf7 19. Qb5 Qd7 20. Qxb6 Ra8 21. Bf1
Bc8 22. f4 Qb7 23. Qd8+ Rf8 24. Qd6 Qd7 25. Qxd7 Bxd7 26. Rc7 Bc8 27. Rdc1 Ba6
28. Bxa6 Rxa6 29. Re7 Rf7 30. Rc8+ Rf8 31. Rcc7 Bh8 32. Rxh7 Raa8 33. Rh6 Bg7
34. Rxg6 Rf7 35. Rc6 Re8 36. Rgxe6 Rxe6 37. Rxe6 Rc7 38. a4 Rc1+ 39. Kg2 Rb1
40. Rb6 Bf8 41. e6 Bb4 42. Rb8+ Kh7 43. h4 Kg6 44. Rg8+ Kh7 45. Rg7+ Kh6 46. e7
1-0

[Event "I Open Sociale Caissa"]
[Site "Napoli ITA"]
[Date "2015.07.03"]
[Round "5"]
[White "Baltzopoulos, Giorgos"]
[Black "Gatto, Lucio"]
[WhiteElo "2002"]
[BlackElo "2082"]
[Result "0-1"]
[PlyCount "69"]
[EventDate "2015.06.04"]

1. d4 d5 2. c4 e6 3. Nc3 c6 4. Nf3 Nf6 5. e3 Bd6 6. Ne5 dxc4 7. Nxc4 Bc7 8. Bd3
Nbd7 9. O-O b5 10. Nd2 e5 11. Qf3 Rb8 12. Nde4 O-O 13. Bd2 Nxe4 14. Nxe4 f5 15.
Bb4 fxe4 16. Qxe4 Nf6 17. Qxc6 Rb6 18. Qc2 Rf7 19. dxe5 Bxe5 20. Rad1 Qc7 21.
f4 Qxc2 22. Bxc2 Bc7 23. e4 Rc6 24. Bd3 Bb6+ 25. Kh1 a6 26. e5 Ng4 27. Be4 Rc4
28. Bd5 Rxb4 29. Bxf7+ Kxf7 30. Rd6 Be3 31. h3 Nf2+ 32. Kh2 Rxf4 33. Rc6 Rc4
34. Rd6 Rc7 35. Kg3 0-1

[Event "I Open Sociale Caissa"]
[Site "Napoli ITA"]
[Date "2015.07.03"]
[Round "5"]
[White "Caiazzo, Diego"]
[Black "Supino, Domenico"]
[WhiteElo "1697"]
[BlackElo "2021"]
[Result "0-1"]
[PlyCount "104"]
[EventDate "2015.06.04"]

1. Nf3 Nf6 2. b3 d6 3. Bb2 e5 4. g3 Be7 5. Bg2 O-O 6. O-O h6 7. d3 c6 8. c4
Nbd7 9. Nc3 Re8 10. Qc2 a5 11. a4 Qb6 12. Ba3 Nc5 13. Rab1 Na6 14. Na2 Nb4 15.
Nxb4 axb4 16. Bb2 Bf5 17. Nd2 Bf8 18. Ne4 Nd7 19. Rbd1 d5 20. Nd2 Nf6 21. Kh1
Rac8 22. h3 Bc5 23. e3 Bd6 24. Rc1 Qd8 25. e4 Be6 26. Rcd1 Nd7 27. Nf3 d4 28.
Bc1 Bf8 29. Nh4 g6 30. Bd2 Kh7 31. Kh2 Be7 32. Nf3 Rf8 33. Ng1 f5 34. f4 exf4
35. Bxf4 Nf6 36. exf5 Bxf5 37. Rde1 Bd6 38. Ne2 Bxf4 39. Nxf4 Qc7 40. Bf3 Rce8
41. Qd2 Qd6 42. Kg2 g5 43. Nh5 Nd7 44. g4 Bg6 45. Ng3 Nf6 46. Bd1 c5 47. Bf3 b6
48. Nf5 Bxf5 49. gxf5 Kg7 50. Bb7 Nh5 51. Rxe8 Qg3+ 52. Kh1 Qxh3+ 0-1

[Event "I Open Sociale Caissa"]
[Site "Napoli ITA"]
[Date "2015.07.03"]
[Round "5"]
[White "De Rosa, Francesco"]
[Black "Radice, Mario"]
[WhiteElo "1971"]
[BlackElo "1882"]
[Result "1/2-1/2"]
[PlyCount "106"]
[EventDate "2015.06.04"]

1. e4 e5 2. Nf3 Nf6 3. Nc3 Bb4 4. Bd3 O-O 5. O-O d6 6. h3 Be6 7. Ne2 Nbd7 8. c3
Ba5 9. Bc2 d5 10. d3 dxe4 11. dxe4 h6 12. a4 Bb6 13. Ng3 Re8 14. Qe2 c6 15. Rd1
Qc7 16. Nh4 a5 17. Nhf5 Rad8 18. Nd6 Rf8 19. Ngf5 Bxf5 20. Nxf5 Rfe8 21. Be3
Nc5 22. Qf3 Ne6 23. Bxb6 Qxb6 24. Nd6 Ng5 25. Qf5 Rxd6 26. Rxd6 Qxb2 27. Rad1
Qxc2 28. Rd8 Qxe4 29. Rxe8+ Nxe8 30. Qc8 Kf8 31. Rd8 Nxh3+ 32. Qxh3 Qe1+ 33.
Kh2 Qxf2 34. c4 Qf4+ 35. Kh1 Qxc4 36. Qd7 Qh4+ 37. Kg1 Qe7 38. Qd2 Qc5+ 39. Kh1
g5 40. Qd7 Qe7 41. Qc8 b5 42. axb5 cxb5 43. Rd7 Qe6 44. Qc5+ Kg7 45. Qxb5 e4
46. Rd5 Nc7 47. Qb2+ Qf6 48. Re5 Ne6 49. Qb5 e3 50. Rxe3 a4 51. Ra3 g4 52. Rxa4
Qh4+ 53. Kg1 Qe1+ 1/2-1/2

[Event "I Open Sociale Caissa"]
[Site "Napoli ITA"]
[Date "2015.07.03"]
[Round "5"]
[White "Fortuna, Armando"]
[Black "Di Giovine, Massimo"]
[WhiteElo "1608"]
[BlackElo "1690"]
[Result "0-1"]
[PlyCount "86"]
[EventDate "2015.06.04"]

1. e4 c5 2. Nf3 d6 3. d4 cxd4 4. Nxd4 Nf6 5. Nc3 a6 6. Be2 Nc6 7. Be3 Nxd4 8.
Bxd4 e5 9. Be3 b5 10. a3 Bb7 11. O-O Be7 12. f3 O-O 13. Qd2 d5 14. exd5 Nxd5
15. Nxd5 Bxd5 16. Rfd1 Be6 17. Qc3 Qc8 18. Qxe5 Bf6 19. Qh5 Bxb2 20. Rab1 g6
21. Qh4 Bg7 22. Bd3 Bf5 23. a4 Rb8 24. axb5 axb5 25. Rxb5 Rxb5 26. Bxb5 Qxc2
27. Rc1 Qb3 28. Bc5 Qxb5 29. Bxf8 Bxf8 30. h3 Qb6+ 31. Kh1 Kg7 32. Qe1 Qb2 33.
Rd1 Be6 34. h4 h5 35. Qg1 Qb4 36. Rd4 Qc3 37. Re4 Be7 38. Qa7 Qc1+ 39. Kh2 Bd6+
40. f4 Bc5 41. Qb7 Qg1+ 42. Kg3 Bf2+ 43. Kf3 Bg4# 0-1

[Event "I Open Sociale Caissa"]
[Site "Napoli ITA"]
[Date "2015.07.03"]
[Round "5"]
[White "Guglielmi, Domenico Donato"]
[Black "Esposito, Luigi"]
[WhiteElo "1620"]
[BlackElo "1350"]
[Result "1-0"]
[PlyCount "77"]
[EventDate "2015.06.04"]

1. d4 Nf6 2. c4 g6 3. Nf3 Bg7 4. Nc3 d6 5. e4 O-O 6. Be2 Nbd7 7. O-O e5 8. Bg5
h6 9. Bh4 g5 10. Bg3 Nh5 11. Nd2 Nxg3 12. fxg3 Nf6 13. dxe5 dxe5 14. Nf3 Ng4
15. Qxd8 Rxd8 16. Rfd1 Be6 17. Rd3 Bxc4 18. Rxd8+ Rxd8 19. Bxc4 c6 20. Nd1 Nf6
21. Nf2 Ne8 22. Rd1 Rxd1+ 23. Nxd1 Nd6 24. Bd3 f5 25. Nf2 fxe4 26. Nxe4 Nf7 27.
b3 b6 28. a4 c5 29. Nfd2 Kf8 30. Nc4 Ke7 31. Ne3 Ke6 32. Bc4+ Kd7 33. Bxf7 Ke7
34. Bc4 Kd8 35. Nf5 Bf8 36. Kf2 Kd7 37. Kf3 h5 38. g4 hxg4+ 39. Kxg4 1-0

[Event "I Open Sociale Caissa"]
[Site "Napoli ITA"]
[Date "2015.07.04"]
[Round "5"]
[White "Messina, Enrico"]
[Black "Zinnai, Graziano Matteo"]
[WhiteElo "2127"]
[BlackElo "2085"]
[Result "1-0"]
[PlyCount "87"]
[EventDate "2015.06.04"]

1. e4 c5 2. d4 cxd4 3. c3 dxc3 4. Nxc3 Nc6 5. Bc4 e6 6. Nf3 d6 7. O-O a6 8. Qe2
Qc7 9. Bf4 Ne5 10. Bxe5 dxe5 11. Bb5+ axb5 12. Nxb5 Qb6 13. Rac1 Bc5 14. b4 Bd7
15. Rxc5 Bxb5 16. Qxb5+ Qxb5 17. Rxb5 Nf6 18. Rxb7 O-O 19. Ra1 Ra3 20. Nxe5
Nxe4 21. f3 Nc3 22. Nc4 Rxa2 23. Rxa2 Nxa2 24. b5 Nc3 25. b6 Nd5 26. Ra7 Nxb6
27. Nxb6 g6 28. g4 g5 29. Kg2 h5 30. h3 hxg4 31. hxg4 Rb8 32. Ra8 Rxa8 33. Nxa8
Kg7 34. Kf2 Kf6 35. Ke3 Ke5 36. Nb6 f5 37. Nd7+ Kd6 38. Nf6 Ke7 39. Nh7 Kf7 40.
Nxg5+ Kg6 41. Nh3 e5 42. g5 Kh5 43. f4 exf4+ 44. Kxf4 1-0